Ideas geniales en la historia de la ciencia // Ideas geniales en la historia de la ciencia. - Investigando el Universo (Запись № 3859871)

Подробности
000 -МАРКЕР
контрольное поле 01363nam1a2200289 i 4500
001 - ИДЕНТИФИКАТОР ЗАПИСИ
контрольное поле RU\NLR\b_ik\191656
005 - ИДЕНТИФИКАТОР ВЕРСИИ
контрольное поле 20241225182150.0
035 ## - ДРУГИЕ СИСТЕМНЫЕ НОМЕРА
Идентификатор записи (NLR Aleph) 002264106
100 ## - ДАННЫЕ ОБЩЕЙ ОБРАБОТКИ
Данные общей обработки 20110912g20119999u y0rusy50 ba
101 1# - ЯЗЫК РЕСУРСА
Язык текста, звукозаписи и т.д. испанский, кастильский испанский
Язык оригинала русский
102 ## - СТРАНА ПУБЛИКАЦИИ ИЛИ ПРОИЗВОДСТВА
Страна публикации российская федерация
105 ## - ПОЛЕ КОДИРОВАННЫХ ДАННЫХ: ТЕКСТОВЫЕ МАТЕРИАЛЫ, МОНОГРАФИЧЕСКИЕ
Кодированные данные о монографическом текстовом документе ||||z |||||
200 1# - ЗАГЛАВИЕ И СВЕДЕНИЯ ОБ ОТВЕТСТВЕННОСТИ
Основное заглавие Ideas geniales en la historia de la ciencia
Первые сведения об ответственности Ígor Ushakov
Последующие сведения об ответственности trad. del ruso por Carlos Daniel Navarro Hernández [et al.]
210 ## - ПУБЛИКАЦИЯ, РАСПРОСТРАНЕНИЕ И ДР.
Место издания, распространения и т.д. Moscú
Имя издателя, распространителя и т. д. URSS
-- Красанд
Дата издания, распространения и т.д. 2011
215 ## - ФИЗИЧЕСКАЯ ХАРАКТЕРИСТИКА
Размеры 22
300 ## - ОБЩИЕ ПРИМЕЧАНИЯ
Текст примечания На обороте тит. л.: История науки сквозь природу озарений / Ушаков Игорь Алексеевич
463 #1 - УРОВЕНЬ ФИЗИЧЕСКОЙ ЕДИНИЦЫ
Встроенное поле 001RU\NLR\b_ik\191244
-- 2001#$aInvestigando el Universo
Идентификатор связанной записи RU\NLR\b_ik\191244
Системный номер (АБИС) связанной записи 3854608
Место публикации Б. м.
Дата публикации 2011
Физическая характеристика 191 с.
Заглавие Ideas geniales en la historia de la ciencia. - Investigando el Universo
ISBN 978-5-396-00393-4
517 0# - ДРУГИЕ ВАРИАНТЫ ЗАГЛАВИЯ
Вариант заглавия История науки сквозь природу озарений
541 0# - ПЕРЕВОД ЗАГЛАВИЯ, СДЕЛАННЫЙ КАТАЛОГИЗАТОРОМ
Заглавие Великие идеи в истории науки
Сведения, относящиеся к заглавию Исследование вселенной
Язык заглавия русский
606 1# - НАИМЕНОВАНИЕ ТЕМЫ КАК ПРЕДМЕТ
Наименование темы Наука
Тематический подзаголовок История
Системный номер авторитетной/нормативной записи 1659314
Идентификатор авторитетной/нормативной записи RU\NLR\AUTH\66735062
686 1# - ИНДЕКСЫ ДРУГИХ КЛАССИФИКАЦИЙ
Индекс Ч213(0)
700 #1 - ИМЯ ЛИЦА - ПЕРВИЧНАЯ ОТВЕТСТВЕННОСТЬ
Начальный элемент ввода Ušakov
Часть имени, кроме начального элемента ввода I. A.
Расширение инициалов личного имени Igor' Alekseevič
Код отношения Автор
801 #0 - ИСТОЧНИК ЗАПИСИ
Страна российская федерация
Организация NLR
Дата составления 20110912
Правила каталогизации RCR
852 ## - МЕСТОНАХОЖДЕНИЕ И ШИФР ХРАНЕНИЯ
Идентификатор организации NLR
Наименование фонда или коллекции (Sub-Location Identifier) Ик
Шифр хранения (Call Number) 2011-5/527
942 ## - ДОПОЛНИТЕЛЬНЫЕ ЭЛЕМЕНТЫ ЗАПИСИ (АБИС)
Тип экземпляра АБИС Книга

Нет доступных экземпляров.